The human right to a healthy environment
Պահպանված է:
| Ձևաչափ: | Գիրք |
|---|---|
| Լեզու: | անգլերեն |
| Հրապարակվել է: |
Cambridge University Press,
2018
|
| Ցուցիչներ: |
Ավելացրեք ցուցիչ
Չկան պիտակներ, Եղեք առաջինը, ով նշում է այս գրառումը!
|
MARC
| LEADER | 00000nam a22000007a 4500 | ||
|---|---|---|---|
| 008 | 240306b |||||||| |||| 00| 0 eng d | ||
| 020 | |a 9781108431583 | ||
| 245 | |a The human right to a healthy environment |c / edited by John H. Knox, Ramin Pejan. | ||
| 250 | |c Knox, John H | ||
| 250 | |c Pejan Ramin | ||
| 260 | |b Cambridge University Press, |c 2018 |h New York |i 899981 |i 899982 |l K3585.H85 |m Environmental law, International. |m Human rights--Environmental aspects | ||
| 500 | |a it includes references and index | ||
| 942 | |a lcc |c BK |e Johnson |f 05/03/24 | ||
| 952 | |0 0 |1 0 |2 lcc |4 0 |6 K3585 H85 |7 0 |9 4948 |a LL |b HOL |c LP |d 2024-03-06 |l 0 |o K3585.H85 |p 2024-0199 |r 2024-03-06 00:00:00 |t 899981 |w 2024-03-06 |y BK | ||
| 952 | |0 0 |1 0 |2 lcc |4 0 |6 K3585 H85 |7 0 |9 4949 |a HOL |b HOL |c LP |d 2024-03-06 |l 0 |o K3585.H85 |p 2024-0200 |r 2024-03-06 00:00:00 |t 899982 |w 2024-03-06 |y BK | ||
| 999 | |c 2456 |d 2456 | ||